000 008480000a22002530004500
003 LK-CoMWRAF
005 20230828163557.0
008 230817t1979 ||||| |||| 00| 0 eng d
020 _a0470268239
040 _aLK-CoMWRAF
_dLK-CoMWRAF
_eLK-CoMWRAF
041 _aeng
082 _a155.4
_bYAN
100 _aYando, Regina
245 _aIntellectual and Personality Characteristics of Children:
_bSocial-Class and Ethnic-Group Differences
260 _aNew York:
_bLawrence Erlbaum Associates,Publishers,
_c1979
300 _aviii, 136 p. ; 24 cm.
_bBibliography and index included
650 _aCHILD PSYCHOLOGY
650 _a Social classes -Psychological aspects;
650 _aEthnopsychology
650 _aProblem solving in children--Cross-cultural studies.
700 _aSeitz, Victoria
700 _aZigler. Edward
942 _cBK
999 _c1138
_d1138